000
00194 a2200097 4500
001
12730
100
_a
Machiauelir N
245
_a
the Prince
260
_a
_b
Wordsworth
_c
090
_c
9730
_d
9730
942
_a
NUST-CAE
_c
M
_c
36634
999
_c
247803
_d
247803